[Event "Moscow Petrosian Memorial"]
[Site "Moscow"]
[Date "2014.11.04"]
[Round "1"]
[White "Ding, Liren"]
[Black "Kramnik, Vladimir"]
[Result "1/2-1/2"]
[WhiteElo "2730"]
[BlackElo "2760"]
[Annotator "CB"]
[PlyCount "81"]
[EventDate "2014.11.04"]
[EventType "tourn"]
[EventRounds "7"]
[EventCountry "RUS"]
[EventCategory "20"]
[SourceTitle "CBM 164"]
[Source "ChessBase"]
[SourceDate "2015.01.15"]
[SourceVersion "1"]
[SourceVersionDate "2015.01.15"]
[SourceQuality "1"]

1. d4 Nf6 2. c4 e6 3. Nc3 d5 4. cxd5 exd5 5. Bg5 c6 6. e3 (6. Qc2 {is a way to
prevent the variation that happened in the game, but it also allows its own
side variations.}) 6... Bf5 {Much to my personal displeasure people are
starting to figure out that this endgame with the double-pawns on f6 and f7 is
not that bad for Black.} 7. Qf3 Bg6 8. Bxf6 Qxf6 9. Qxf6 gxf6 10. Nf3 Nd7 11.
Nh4 {There isn't much in the way of set theory in this variation. White has
long-term pressure against the f-pawns but Black is very solid, he has the
pair of bishops and he will have many active pieces after maneuvering to the
right spots.} Be7 12. g3 Nb6 {The knight is going to d6 where it can later
choose on e4 or c4 depending on the circumstances.} 13. O-O-O Nc8 14. Bd3 Nd6
15. Kc2 Kd7 16. f3 Bxd3+ {You know that White must have a hard time converting
anything in this position, or even proving an advantage, when Black can get
away with just trading off the g6 bishop.} 17. Kxd3 f5 18. Ng2 h5 19. h4 Rag8
20. Rh3 {Black has pressure on g3 and it's very hard to do anything with White
besides have a pretty knight on f4. Ding Liren simply doesn't find a way
forward from him.} Ne8 21. Ke2 Bd6 22. Kf2 Nf6 23. Ne2 a5 24. b3 Re8 25. Rhh1
Re7 26. Nef4 Rg8 27. Rd2 Ree8 28. Rc2 Kc7 29. a4 Kd7 30. Rh3 Rg7 31. Nd3 Kc7
32. Ngf4 Reg8 33. Rc1 Kb8 34. Rg1 Kc7 35. Rh2 Rb8 36. Rc1 Rbg8 37. Rg2 Kb8 38.
Rcg1 Kc7 39. Rb1 Re8 40. Rgg1 Reg8 41. Rbc1 1/2-1/2

[Event "Buenos Aires"]
[Site "Buenos Aires"]
[Date "1980.??.??"]
[Round "?"]
[White "Kavalek, Lubomir"]
[Black "Ljubojevic, Ljubomir"]
[Result "1/2-1/2"]
[WhiteElo "2600"]
[BlackElo "2590"]
[Annotator "Chekhov,V"]
[PlyCount "34"]
[EventDate "1980.10.15"]
[EventType "tourn"]
[EventRounds "13"]
[EventCountry "ARG"]
[EventCategory "13"]
[SourceTitle "MCL"]
[Source "ChessBase"]
[SourceDate "1999.07.01"]
[SourceVersion "1"]
[SourceVersionDate "1999.07.01"]
[SourceQuality "1"]

1. d4 Nf6 2. c4 e6 3. Nf3 d5 4. Nc3 Nbd7 5. Bg5 c6 6. cxd5 exd5 7. e3 Bd6 8.
Bd3 Nf8 9. Qa4 $6 (9. Qc2 $5 Ng6 10. Nh4 O-O 11. O-O-O (11. Nf5 Bxf5 12. Bxf5
h6 13. Bxf6 Qxf6 14. g3 Rfe8 15. O-O {Sahovic,D-Cvetkovic,S/JUG/1989/0,5 (15)
Inf 47/493/}) 11... h6 12. Nxg6 fxg6 13. Bh4 g5 14. Bg3 Bxg3 15. hxg3 Ng4 16.
Rd2 Bd7 $13 {Stohl,I-Cvetkovic,S/JUG/1989/ Inf 47/493/}) 9... Be7 (9... Ne6 $2
10. Bxf6 Qxf6 11. Nxd5) 10. Ne2 $6 (10. Qc2 $5) 10... Ne6 (10... Ng6 11. Ne5 $5
) 11. Bh4 g6 12. O-O O-O 13. Rab1 (13. b4 $5) 13... a6 14. Rfe1 Ng7 15. Nf4 Nf5
(15... Bf5 16. Bxf5 Nxf5 17. Bxf6 $1 Bxf6 18. Nd3 $14) 16. Bg5 Nd6 17. Nd2 Re8
(17... Re8 18. b4 Ng4 19. Bxe7 Qxe7 20. h3 (20. e4 Qh4) 20... Nf6 21. Qb3 Bf5
$13) 1/2-1/2

[Event "Esbjerg North Sea Cup-08"]
[Site "Esbjerg"]
[Date "1984.07.??"]
[Round "10"]
[White "Miles, Anthony John"]
[Black "Jakobsen, Ole"]
[Result "1-0"]
[WhiteElo "2565"]
[BlackElo "2420"]
[Annotator "ChessBase"]
[PlyCount "59"]
[EventDate "1984.07.??"]
[EventType "tourn"]
[EventRounds "11"]
[EventCountry "DEN"]
[EventCategory "10"]
[SourceTitle "MCL"]
[Source "ChessBase"]
[SourceDate "1999.07.01"]
[SourceVersion "1"]
[SourceVersionDate "1999.07.01"]
[SourceQuality "1"]

1. d4 d5 2. c4 e6 3. Nc3 Be7 4. cxd5 exd5 5. Bf4 Nf6 6. e3 O-O 7. Bd3 c6 8. h3
Re8 9. Nf3 Nbd7 10. Qc2 Nf8 11. g4 Be6 12. O-O-O $14 Rc8 (12... Ne4 $6 13. Bxe4
dxe4 14. Nd2 b5 15. Kb1 b4 16. Ncxe4 Qd5 17. b3 $16) 13. Kb1 b5 14. Ng5 Qb6 15.
Be5 (15. Nxe6 fxe6 16. g5 N6d7 17. h4 c5 $132) 15... h6 (15... g6 16. f4 {
/\ f5|^+/-}) 16. Nxe6 Nxe6 17. Bf5 Nd7 18. Bxe6 fxe6 19. Qg6 Nxe5 20. dxe5 Bh4
$2 (20... c5 21. g5 $1 Bxg5 (21... hxg5 22. h4 gxh4 23. Rdg1 Bf8 24. Rxh4 $18)
22. h4 Be7 23. Rhg1 Bf8 24. Ne4 $1 dxe4 25. Rd7 $18) (20... Bb4 $1 $14) 21. g5
$1 hxg5 22. Ne4 $1 Re7 $8 (22... dxe4 23. Rd7 $18) 23. Nf6+ Kf8 24. Nh7+ Kg8
25. Rd4 $1 $18 c5 26. Rxh4 gxh4 27. Rg1 (27. Ng5 Rec7 28. Qh7+ Kf8 29. Qh8+ Ke7
30. Qxg7+ Kd8 31. Nf7+ Rxf7 32. Qxf7 Rc7 $16) 27... Qc7 (27... Rec7 28. Qh5 Rf7
29. Nf6+ Kf8 30. Nd7+ $1 Rxd7 31. Qh8+ Ke7 32. Rxg7#) 28. Ng5 Ree8 29. Qh7+ Kf8
30. Nxe6+ $1 1-0

[Event "Bad Woerishofen op 12th"]
[Site "Bad Woerishofen"]
[Date "1996.??.??"]
[Round "8"]
[White "Movsziszian, Karen"]
[Black "Rabiega, Robert"]
[Result "1-0"]
[WhiteElo "2450"]
[BlackElo "2490"]
[Annotator "ChessBase"]
[PlyCount "115"]
[EventDate "1996.03.??"]
[EventType "swiss"]
[EventRounds "9"]
[EventCountry "GER"]
[SourceTitle "EXT 1997"]
[Source "ChessBase"]
[SourceDate "1996.11.15"]
[SourceVersion "1"]
[SourceVersionDate "1996.11.15"]
[SourceQuality "1"]

1. d4 d5 2. c4 e6 3. Nc3 Nf6 4. Nf3 Nbd7 5. cxd5 exd5 6. g3 Bd6 7. Bg2 c6 8.
Nh4 O-O 9. Nf5 Bc7 10. O-O Re8 11. Qc2 Nf8 12. b4 Ne4 13. Ne3 Nxc3 14. Qxc3 Ne6
15. Bb2 a6 16. h4 Nf8 17. Rfe1 Bd6 18. a3 Qf6 19. Nf1 Bf5 20. f3 Qg6 21. g4 Bd7
22. h5 Qf6 23. e4 dxe4 24. fxe4 Qg5 25. e5 Bc7 26. Nh2 Bb6 27. Kh1 Rad8 28. Qg3
Be6 29. Rad1 Rd7 30. Be4 Red8 31. Rd3 Ra8 32. Bc1 Qd8 33. Nf3 Bc4 34. Bg5 Qe8
35. Rc3 Bd5 36. h6 Bxe4 37. Rxe4 g6 38. Bf6 a5 39. b5 cxb5 40. Rd3 Qe6 41. Kh2
b4 42. axb4 axb4 43. Kh3 Qc6 44. Ng5 Qc2 45. e6 Ra1 46. Kh4 fxe6 47. Qf3 Qh2+
48. Nh3 Rf7 49. d5 Bd8 50. g5 Bxf6 51. gxf6 exd5 52. Re7 Ra5 53. Rxd5 Ra3 54.
Rd3 g5+ (54... Rxd3 55. Qxd3 Rxf6 56. Rg7+ Kh8 57. Qd4 g5+ (57... Qd6 58. Qxd6
Rxd6 59. Rxb7) 58. Rxg5 Qd6 59. Rd5) 55. Kh5 Rxd3 56. Qxd3 g4 $4 (56... Rxf6)
57. Qd5 Qxh3+ 58. Kg5 1-0

[Event "Linares 07th"]
[Site "Linares"]
[Date "1989.??.??"]
[Round "?"]
[White "Beliavsky, Alexander G"]
[Black "Ljubojevic, Ljubomir"]
[Result "0-1"]
[WhiteElo "2640"]
[BlackElo "2580"]
[Annotator "ChessBase"]
[PlyCount "85"]
[EventDate "1989.01.??"]
[EventType "tourn"]
[EventRounds "11"]
[EventCountry "ESP"]
[EventCategory "16"]
[SourceTitle "CBM 011"]
[Source "ChessBase"]
[SourceDate "1989.08.01"]
[SourceVersion "1"]
[SourceVersionDate "1989.08.01"]
[SourceQuality "1"]

1. d4 Nf6 2. c4 e6 3. Nc3 d5 4. cxd5 exd5 5. Bg5 Be7 6. e3 Nbd7 7. Bd3 Nf8 8.
f4 {N} c6 9. f5 Ne4 $1 10. Bxe7 Qxe7 11. Qf3 Qb4 $1 12. Bxe4 Qxb2 13. Nge2
Qxa1+ 14. Bb1 Nd7 15. O-O (15. Qg3 $6 O-O 16. f6 Nxf6 $1 (16... g6 $2 17. O-O
Qb2 18. Qh4 Kh8 19. Rf4 $1 $18 Rg8 $2 20. Qxh7+ Kxh7 21. Rh4#) 17. O-O Nh5 18.
Qf3 g6 19. Bxg6 Qxf1+ 20. Qxf1 fxg6 $15) 15... Qb2 16. Qg3 $2 (16. f6 $1 Nxf6
17. Qg3 Bg4 $1 (17... Ne4 $2 18. Qxg7 Rf8 19. Bxe4 dxe4 20. Nxe4 $1 Qxe2 21.
Qe5+ Be6 22. Nf6+ Kd8 23. Qd6+ $18) 18. Rxf6 Bxe2 19. Qe5+ Kf8 20. Rxf7+ Kxf7
21. Qf5+ Ke7 22. Qe5+ $10) 16... Qa3 17. e4 dxe4 18. f6 g6 19. Qf4 Nb6 20. Bxe4
Be6 21. Rf3 Rd8 22. Qc7 Qd6 23. Qxb7 O-O 24. Qxc6 Bc4 25. Qc5 Rfe8 26. Rf4 Qxc5
27. dxc5 Nd7 28. c6 Nc5 29. Bf3 Bxe2 30. Nxe2 Rd1+ 31. Kf2 Nd3+ 32. Kg3 Nxf4
33. Nxf4 Rd6 34. c7 Rc8 35. Nd5 Rxd5 36. Bxd5 Rxc7 37. Kf4 Rc2 38. a4 Rc5 39.
Ke5 Ra5 40. Kd6 Kf8 $1 (40... Rxa4 $2 41. Ke7 Rf4 42. Bxf7+ Kh8 43. g3 Rf2 44.
h4 a5 45. g4 a4 46. Be6 a3 47. f7 Kg7 48. g5 $10 Rf3 49. Ke8) 41. Bc6 Rf5 42.
Kc7 Rxf6 43. a5 0-1

[Event "URS-ch sf"]
[Site "Sevastopol"]
[Date "1986.??.??"]
[Round "?"]
[White "Dokhoian, Yury"]
[Black "Goldin, Alexander"]
[Result "1/2-1/2"]
[WhiteElo "2365"]
[BlackElo "2390"]
[Annotator "ChessBase"]
[PlyCount "45"]
[EventDate "1986.08.??"]
[EventType "swiss"]
[EventRounds "11"]
[EventCountry "URS"]
[SourceTitle "EXT 1998"]
[Source "ChessBase"]
[SourceDate "1997.11.17"]
[SourceVersion "1"]
[SourceVersionDate "1997.11.17"]
[SourceQuality "1"]

1. d4 d5 2. c4 e6 3. Nc3 Be7 4. cxd5 exd5 5. Bf4 Nf6 6. e3 O-O 7. Bd3 c5 8. Nf3
Nc6 9. O-O cxd4 10. Nxd4 Bg4 11. Qa4 Qb6 12. Nxc6 (12. Qb5 $1 $14 {Kasparov})
12... bxc6 13. Be5 Be6 14. Qc2 h6 15. Na4 Qb7 16. Bd4 Nd7 17. Rab1 a5 $11 18.
Nc5 Nxc5 19. Bxc5 Bxc5 20. Qxc5 d4 21. Qxd4 Rfd8 22. Qc3 Bxa2 23. Rbc1 1/2-1/2

[Event "Interzonal-16"]
[Site "Biel"]
[Date "1993.??.??"]
[Round "7"]
[White "Bareev, Evgeny"]
[Black "Kramnik, Vladimir"]
[Result "1/2-1/2"]
[WhiteElo "2660"]
[BlackElo "2710"]
[Annotator "ChessBase"]
[PlyCount "23"]
[EventDate "1993.07.16"]
[EventType "swiss"]
[EventRounds "13"]
[EventCountry "SUI"]
[SourceTitle "CBM 037"]
[Source "ChessBase"]
[SourceDate "1993.12.01"]
[SourceVersion "1"]
[SourceVersionDate "1993.12.01"]
[SourceQuality "1"]

1. d4 d5 2. Nf3 c6 3. c4 e6 4. Qc2 Nd7 5. cxd5 exd5 6. Bf4 Ngf6 7. Nc3 Nh5 8.
g3 $5 (8. Bd2) 8... Be7 9. h4 Nxf4 10. gxf4 Nf6 11. O-O-O g6 12. e3 1/2-1/2

[Event "Montreal International"]
[Site "Montreal"]
[Date "1979.04.16"]
[Round "5"]
[White "Timman, Jan H"]
[Black "Ljubojevic, Ljubomir"]
[Result "1/2-1/2"]
[WhiteElo "2625"]
[BlackElo "2590"]
[Annotator "ChessBase"]
[PlyCount "46"]
[EventDate "1979.04.11"]
[EventType "tourn"]
[EventRounds "18"]
[EventCountry "CAN"]
[EventCategory "15"]
[SourceTitle "MCL"]
[Source "ChessBase"]
[SourceDate "1999.07.01"]
[SourceVersion "1"]
[SourceVersionDate "1999.07.01"]
[SourceQuality "1"]

1. d4 Nf6 2. c4 e6 3. Nf3 d5 4. Nc3 c6 5. Bg5 Nbd7 (5... dxc4 6. e4 b5 7. e5 h6
8. Bh4 g5 $13) 6. cxd5 exd5 7. e3 Bd6 (7... Be7 {normal}) 8. Bd3 Nf8 9. O-O $6
(9. Bh4 Ng6 10. Bg3 Bg4 11. h3 Bxf3 12. Qxf3 Bxg3 13. Qxg3 Qb8 $10 {
Anikaev-Bagirov/URS-FL/1979/}) (9. Ne5 $5 Qe7 10. f4 h6 11. Bh4 g5 12. fxg5
hxg5 13. Bxg5 Rg8 14. Bh4 Bxe5 15. dxe5 Qxe5 $13 {Portisch,L-Ljubojevic,L/
Niksic/1978/}) (9. Qc2 Ng6 10. Nh4 O-O 11. O-O-O h6 12. Nxg6 fxg6 13. Bh4 g5
14. Bg3 $14 {Bagirov-Taimanov/URS-FL/1977/}) 9... Bg4 10. e4 Ne6 $1 11. Bxf6
Qxf6 12. e5 Bxf3 13. exf6 (13. gxf3 $2 Qg5+ 14. Kh1 Be7 $17) 13... Bxd1 14.
fxg7 Rg8 15. Raxd1 Nxd4 $13 (15... Rxg7 $10) 16. Bxh7 Nf3+ (16... Rxg7 $142)
17. Kh1 Rxg7 18. Bf5 $1 Rg5 19. Bh3 Nxh2 20. Rfe1+ Kf8 21. Ne4 dxe4 22. Rxd6
Ng4 23. Bxg4 Rxg4 1/2-1/2

[Event "Montreal International"]
[Site "Montreal"]
[Date "1979.04.20"]
[Round "8"]
[White "Larsen, Bent"]
[Black "Spassky, Boris Vasilievich"]
[Result "1-0"]
[WhiteElo "2620"]
[BlackElo "2640"]
[Annotator "ChessBase"]
[PlyCount "63"]
[EventDate "1979.04.11"]
[EventType "tourn"]
[EventRounds "18"]
[EventCountry "CAN"]
[EventCategory "15"]
[SourceTitle "MCL"]
[Source "ChessBase"]
[SourceDate "1999.07.01"]
[SourceVersion "1"]
[SourceVersionDate "1999.07.01"]
[SourceQuality "1"]

1. c4 e6 2. Nc3 d5 3. d4 Be7 4. cxd5 exd5 5. Bf4 c6 6. e3 (6. Qc2 g6 $1 7. e3
Bf5 $10) 6... Bf5 7. Bd3 (7. Nge2 Nd7 8. Ng3 Bg6 9. Be2 Ngf6 10. h4 h5 $10) (7.
g4 $5 {Botvinnik - main line.} Bg6 (7... Be6 8. h4 Nd7 9. h5 Qb6 (9... Nh6 10.
Be2 Nb6 11. Rc1 Bd6 $6 12. Nh3 Bxf4 13. Nxf4 Bd7 14. Rg1 $14 {Kasparov,
G-Karpov,An (21)/Wch Moscow/1985/}) 10. Rb1 Ngf6 11. f3 h6 12. Bd3 Qa5 13. Nge2
$16 {Botvinnik,M-Spassky,N/Leiden Oestgoest/1970/}) 8. h4 Bxh4 $2 9. Qb3 b6 10.
Nf3 Be7 11. Ne5 $16) 7... Bxd3 (7... Bg6 8. Nf3 Nd7 9. O-O Ngf6 10. Rb1 a5 11.
Bxg6 hxg6 12. Qb3 Qb6 $10 {Larsen,B-Najdorf,M/Bugojno/1982/}) 8. Qxd3 Nf6 9.
Nf3 Nbd7 10. O-O (10. h3 $142) 10... O-O (10... Nh5 $1 11. Be5 O-O 12. Rab1
Nxe5 $10 {Georgadze,T-Spassky,B/URS/1979/}) 11. Rab1 a5 12. h3 Re8 13. a3 a4
14. Qc2 Qa5 (14... b5 $5 15. Rfd1 Qb6 16. Ne2 Rac8 17. Nc1 c5 $13 {Nikitin})
15. Rfd1 {/\Ne5} Bf8 (15... Qa6) 16. Ne5 Re7 $2 (16... Nxe5 17. dxe5 Nd7 18. e4
$36) (16... Qa6) 17. b4 axb3 18. Rxb3 Nxe5 19. dxe5 Nd7 20. Rxb7 Qxa3 21. Rc7
Qc5 $2 (21... Qa6 22. Ne2 $16) (21... Nxe5 $5 22. Bxe5 Rxe5 23. Rxc6 $14 {
The d5 pawn is very weak, but at the end White has to win a rook ending 4 vs 3
pawns at the kingside, which is drawish.}) 22. Rxd5 $1 (22. Qb2 Nb6 $10) 22...
cxd5 23. Rxc5 Nxc5 24. Nxd5 Rea7 25. Bg5 Ra1+ 26. Kh2 R8a2 27. Qf5 Ne6 28. Bh4
Rf1 $6 29. f4 Rc1 30. Qg4 Rc4 (30... Rcc2 31. f5 Rxg2+ 32. Qxg2 Rxg2+ 33. Kxg2
$18) 31. Nf6+ Kh8 32. Qh5 $1 (32. Qh5 gxf6 33. Qxf7) 1-0

[Event "Julian Borowski-A 4th"]
[Site "Essen"]
[Date "2002.05.22"]
[Round "6"]
[White "Dautov, Rustem"]
[Black "Kasimdzhanov, Rustam"]
[Result "1/2-1/2"]
[WhiteElo "2636"]
[BlackElo "2674"]
[Annotator "Dautov,R"]
[PlyCount "55"]
[EventDate "2002.05.16"]
[EventType "tourn"]
[EventRounds "9"]
[EventCountry "GER"]
[EventCategory "16"]
[SourceTitle "CBM 090"]
[Source "ChessBase"]
[SourceDate "2002.09.20"]
[SourceVersion "1"]
[SourceVersionDate "2002.09.20"]
[SourceQuality "1"]

1. d4 Nf6 2. c4 e6 3. Nf3 d5 4. Nc3 Be7 5. Qc2 O-O 6. cxd5 exd5 7. Bg5 c5 $5 {
Diesem seltenen Plan hält Kasimdzhanov die Treue. Mit dem Übergang in eine
Isolani-Stellung versucht Schwarz die Nachteile des frühen Qd1-c2 aufzuspüren.}
({Das übliche} 7... c6 {führt zu der Abtausch-Variante.}) 8. e3 ({Oder} 8. dxc5
Qa5 9. Nd4 Qxc5 10. Nb3 Qd6 11. e3 Be6 12. Be2 Nc6 13. Rd1 h6 14. Bf4 Qd8 15.
O-O Rc8 16. a3 a6 17. Bf3 Qb6 18. Nd4 Nxd4 19. exd4 Rfd8 20. Rfe1 Qa5 $11 {
, und die Stellung ist ausgeglichen, Khenkin,I-Kasimdzhanov,R/Moscow 2001.})
8... cxd4 $146 {Eine logische und starke Neuerung. Weniger überzeugend wirkte
dagegen 8...Nc6 wegen 9.dxc5.} (8... Nc6 9. dxc5 h6 (9... Qa5 10. Bb5 (10.
O-O-O $5 Be6 11. Bb5 a6 12. Bxc6 bxc6 13. Na4 $16) 10... a6 11. Bxc6 bxc6 12.
O-O (12. Nd4 Qxc5) 12... Qxc5 13. Rac1 $14) 10. Bh4 (10. Bxf6 Bxf6 11. O-O-O
Be6 12. Bc4 Nb4 13. Qb3 Bxc3 14. bxc3 Na6 15. Bxd5 Nxc5 16. Qb4 Qc7 $44 {
Quinteros,M-Andersson,U/Biel 1985}) 10... Bxc5 11. Bxf6 Qxf6 12. Nxd5 Bb4+ 13.
Nxb4 Nxb4 14. Qd2 a5 {De Castro,E-Cassidy,R/Havana 1966} 15. a3 $1 Rd8 16. Qc1
Nd3+ 17. Bxd3 Rxd3 18. O-O Bf5 19. Nd4 $16) 9. Nxd4 h6 10. Bh4 Nc6 11. Nxc6 (
11. Rd1 Nxd4 12. Rxd4 Be6 13. Be2 Rc8 $11 {/\Ne4}) 11... bxc6 12. Be2 Be6 13.
O-O {Ich entschied mich kurz vor der Partie, diese Stellung zu spielen. Weiß
hat zwar keinen Eröffnungsvorteil, seine Figuren sind aber recht gut platziert
für das Spiel gegen die Hängebauern, die nach dem baldigem c6-c5 entstehen
werden.} Qa5 14. Rfd1 Rfd8 15. Rd2 $6 {Geradelinig gespielt. Ich wollte dem
Gegner c6-c5 maximal erschweren. Es gab aber eine andere, feinere Art, dagegen
vorzugehen.} (15. Rac1 Rab8 16. Na4 c5 $1 (16... Rb4 17. Bxf6 Bxf6 18. a3 $16)
17. b3 (17. Nxc5 $4 Rdc8 $19) 17... c4 $11) (15. a3 $1 {/\b4 Weiß erzwingt
c6-c5, um mit dem Vorstoß b2-b4 zu kontern.} c5 16. Bf3 Rab8 ({Das Gegenspiel
nach} 16... g5 $2 {ist ungenügend um die Schächung des schwarzen Königs zu
kompensieren.} 17. Bg3 g4 18. Be2 d4 19. exd4 cxd4 20. b4 Qh5 21. Nb5 Rac8 22.
Qa4 $16 {><d4}) 17. Bg3 $1 Bd6 (17... Rb7 18. b4 $1 cxb4 19. axb4 Qb6 (19...
Qxb4 $4 20. Rab1 $18) 20. b5 $14) (17... Rbc8 18. Be5 $14) 18. Bxd6 Rxd6 19. b4
$1 Qc7 20. Qd3 Rdd8 21. bxc5 Qxc5 22. Ne2 $14 {, und die entstandene
Isolani-Stellung ist etwas angenehmer für Weiß.}) 15... Rd7 {Diese
Gegenverdopplung auf der d-Linie sieht sehr logisch aus.} ({Nicht weniger gut
war} 15... Rab8 16. Rad1 c5 17. Bf3 (17. b3 c4 $11) 17... Rb4 $1 18. Bxf6 Bxf6
19. Nxd5 Bxd5 20. Rxd5 Rxd5 21. Bxd5 Rxb2 $11) 16. Rad1 Rad8 17. Bf3 $2 {
Ein grober Fehler, der Schwarz die Durchsetzung von c6-c5 unter für Weiß sehr
ungünstigen Umständen erlaubt.} ({Korrekt war} 17. h3 $1 {/\Bf3} c5 (17... g5
$6 18. Bg3 c5 $2 19. Bb5 $1 Rb7 20. Bc6 Rb4 21. Be5 $1 $16) 18. Bb5 Rb7 $1 (
18... Rc7 19. Bc4 g5 20. Bg3 Rb7 (20... Rcd7 $2 21. Bb5 $16) 21. Bb3 $1 c4 22.
Ba4 $14) 19. Bc6 Rb4 20. Bxf6 Bxf6 21. Bxd5 Rxb2 $1 22. Qxb2 Bxc3 23. Bxe6 $1
Bxd2 24. Bb3 Bb4 25. Rxd8+ Qxd8 26. Qe5 {, und die Stellung ist remislich.})
17... c5 $1 $15 {Erst jetzt begriff ich, was passiert war - der Gewinn des
Bauern d5 wird für Weiß mit dem Matt auf der Grundreihe enden! Andererseits
droht Schwarz mit großer Kraft d5-d4. Nach einem sehr langen Nachdenken fand
ich noch die beste Verteidigung.} 18. Bxf6 {Die Alternativen waren nicht
erstrebenswert.} (18. b3 d4 19. Bxf6 (19. Na4 g5 $1 20. Bg3 dxe3 21. Rxd7 exf2+
22. Bxf2 Rxd7 23. Rxd7 Nxd7 $17) 19... Bxf6 20. Ne4 Be7 21. exd4 cxd4 $17) (18.
Qa4 Qxa4 19. Nxa4 g5 20. Bg3 g4 21. Be2 Ne4 22. Rc2 d4 23. Bb5 Bxa2 24. Bxd7
Bb3 $17) 18... Bxf6 19. e4 $1 (19. Nxd5 $4 Bxd5 20. Bxd5 Rxd5 21. Rxd5 Rxd5 22.
Rxd5 Qe1#) 19... dxe4 (19... d4 20. Nd5 {ist für Weiß ungefährlich.}) ({
Ich befürchtete} 19... Bg5 {, aber nach} 20. exd5 $1 {(Kasimdzhanov)} Bxd2 21.
Rxd2 {hat Weiß eine ausreichende Kompensation für die Qualität.}) (19... Bxc3
20. Qxc3 Qxc3 21. bxc3 $11) 20. Rxd7 Bxd7 $6 {Es ist verständlich, daß Schwarz
die Türme nicht tauschen will.} ({Dennoch war} 20... Rxd7 $1 {chancenreicher,
nach} 21. Rxd7 Bxd7 22. Bxe4 Be6 23. a3 Bd4 $15 {wäre Weiß zu einer langen
passiven Verteidigung verurteilt.}) 21. Nxe4 $1 Bd4 22. b3 {/\Nd2-c4} Bf5 {
Die Fesselung sieht unangenehmer aus als sie ist, Weiß kann seinen Springer
befreien.} 23. g3 Bg6 24. Kg2 Re8 (24... Qb6 $142 $1) 25. Qd2 $1 Qb6 (25...
Qxd2 26. Nxd2 $11 {/\Nc4}) 26. Nc3 $11 Qe6 27. Nb5 Bf5 (27... Be4 28. Nxd4 (28.
Qf4 Bxf3+ 29. Qxf3 Qb6 30. Nxd4 cxd4 31. Rd3 $11) 28... Qd5 29. Bxe4 Rxe4 30.
Nf3 Rd4 31. Qxd4 cxd4 32. Rxd4 $11) 28. h4 1/2-1/2